000 00856cab a2200205 4500
001 ##L134319
008 060726n2006 000 0 eng u
035 _a(Sirsi) u134319
041 0 _aeng
100 1 _aEade, Christine
245 0 0 _aHome-making
260 _c2006
490 0 _aProperty Week
_v71(29) 21 July 2006, 58-59(2)
520 _aReports on the growing interest in flat-pack construction in certain rural areas of southern England. Baufritz pre-fabricated houses from Bavaria are a greener approach to house-building, with the insulation made from natural materials, but they are not cheap as every property is bespoke. Looks at the attention being paid by planners to this type of building.
590 _aIKA010806
651 4 _aGERMANY
651 4 _aSOUTHERN ENGLAND
690 _aBUILT ENVIRONMENT-BUILDING MATERIALS
942 _n0
999 _c77454
_d77454